000 00899nam a2200241 a 4500
001 47596
003 BD-RjUL
005 20211209054341.0
008 160809s2009 bg ||||| |||| 00| 0 ben d
020 _a984074755X
_c: Tk. 70.00
035 _a(BD-RjUL)47715
040 _aBD-RjUL
_beng
_cBD-RjUL
041 _aeng
082 _a808.02
_bSAL 2009
100 _aসরকার, অরুনাভ
_9144647
245 1 0 _aলেখালেখি ও সম্পাদনা /
_cঅরুনাভ সরকার
260 _aঢাকা :
_bবাংলা একাডেমী,
_c২০০৯
300 _a৭২ পৃ. ;
_c২১ সেমি.
490 _aবাএ ;
_v৪৭৪৬
650 _aলেখকের পেশা
_xহ্যান্ডবুক , ম্যানুয়্যাল
_9144648
650 _aAuthorship
_xHandbooks, manuals, etc
_9144649
942 _2ddc
_cBK
999 _c47596
_d47596